Articles 1240 du Code civil - Statistiques

Statistiques générales
  • Ce quiz a été pris 47 fois
  • Le résultat moyen est 16 sur 23
Statistiques - réponses
Réponse % Correct
à
95%
à
95%
le
88%
Tout
88%
dommage
85%
autrui
80%
réparer
80%
un
80%
cause
75%
fait
75%
celui
73%
de
73%
qui
73%
est
68%
la
68%
oblige
63%
quelconque
60%
par
58%
duquel
53%
faute
53%
il
53%
l'homme
53%
arrivé
48%
Aucun quiz correspondant
Distribution des résultats
% des personnes avec chaque résultat
Percentile par nombre de réponses
Votre historique - résultats
Vous n’avez pas pris ce quiz